UITU Library & LRC     

Principles of Marketing (Record no. 5223)

MARC details
000 -LEADER
fixed length control field 00482nam a2200181Ia 4500
008 - FIXED-LENGTH DATA ELEMENTS--GENERAL INFORMATION
fixed length control field 240925s9999 xx 000 0 und d
020 ## - INTERNATIONAL STANDARD BOOK NUMBER
International Standard Book Number 131902083
082 ## - DEWEY DECIMAL CLASSIFICATION NUMBER
Classification number 658.8 KOT
100 ## - MAIN ENTRY--PERSONAL NAME
Personal name Kotler, Philip ; Armstrong, Gary
245 #0 - TITLE STATEMENT
Title Principles of Marketing
250 ## - EDITION STATEMENT
Edition statement 7th
260 ## - PUBLICATION, DISTRIBUTION, ETC.
Place of publication, distribution, etc. New Jersey:
Name of publisher, distributor, etc. Printice- Hall Int.
Date of publication, distribution, etc. ,1996.
300 ## - PHYSICAL DESCRIPTION
Extent xvii,542p.
Other physical details NA
Type of unit Original
500 ## - GENERAL NOTE
General note Includes Index
600 ## - SUBJECT ADDED ENTRY--PERSONAL NAME
Personal name Engineering Technology
650 ## - SUBJECT ADDED ENTRY--TOPICAL TERM
Topical term or geographic name entry element Management
942 ## - ADDED ENTRY ELEMENTS (KOHA)
Koha item type Books
Holdings
Withdrawn status Lost status Damaged status Not for loan Collection Home library Current library Date acquired Source of acquisition Total checkouts Full call number Barcode Date last seen Price effective from Koha item type
        Engineering Technology UITU Library UITU Library 08/16/2000 NA   658.8 KOT Q2724 09/25/2024 09/25/2024 Books

Powered by Koha